01082nam a2200265 a 450000100060000000300090000600800410001502000150005604000280007108200140009910000420011324500210015525000120017626000270018830000100021550502780022565000210050365000190052465000440054365000190058765000240060694200120063099900170064295201570065922915CO-ViMGA141112s2004 ck r 000 u spa d a9701511077 aCO-ViMGAbspacCO-ViMGA04a530 B871f1 aBurbano de estrella, Santiago93288710aFìsica general a32a Ed. aMéxico : bAlfaomega a794p. aFisica, Magnitudes fisicas, sistemas de unidades, errores en las medidas, Calculo vectorial, Cinematica de la particula, Cinematica de los movimientos, Fuerza y masa, Dinamica del solido rigido, Peso rozamiento, oscilaciones y El calor y sus efectos, El campo magnetico14aDINAMICA 93288814aFisica 91046014aFISICA - PROBLEMAS , EJERCICIOS 93288914aFISICA NUCLEAR14aTERMODINAMICA 9497 2ddccBK c31206d31206 00102ddc40708003aMEVIECARbMEVIECARd2015-12-04hTomo. 2 Volumen. 1 | 13/nov/2009l0o530 B871f p22915r2019-02-18 00:00:00tEj. 1w2015-12-04yBK